[Event "Wch FIDE Online U10 Europe qual"]
[Site "Tornelo INT"]
[Date "2020.12.08"]
[Round "5"]
[White "Zheng, Harry Z"]
[Black "Navumenka, Makar"]
[Result "1/2-1/2"]
[WhiteElo "1548"]
[BlackElo "1419"]
[PlyCount "72"]
[EventDate "2020.12.07"]
[EventType "swiss (rapid)"]
[EventRounds "7"]
[EventCountry "ISS"]
[SourceTitle "EXT 2022"]
[Source "ChessBase"]
[SourceDate "2021.10.06"]
[SourceVersion "1"]
[SourceVersionDate "2021.10.06"]
[SourceQuality "1"]

1. e4 e6 2. d4 d5 3. Nd2 Nf6 4. e5 Nfd7 5. Ngf3 c5 6. c3 Nc6 7. Bd3 f6 8. exf6 Nxf6 9. 0-0 Bd6 10. dxc5 Bxc5 11. Nb3 Bd6 12. Nbd4 0-0 13. Re1 Re8 14. Bb5 Bd7 15. Bd3 e5 16. Nxc6 bxc6 17. Bc2 Bg4 18. h3 Bd7 19. Bg5 Qc8 20. Nd2 Rf8 21. Nf1 e4 22. Bb3 Kh8 23. c4 c5 24. Bxf6 Rxf6 25. Qxd5 Bc6 26. Qg5 Rg6 27. Qe3 Be5 28. Ng3 Rxg3 29. Qxc5 Qxh3 30. fxg3 Qxg3 31. Rad1 e3 32. Qxc6 Qf2+ 33. Kh1 Qh4+ 34. Kg1 Qf2+ 35. Kh1 Qh4+ 36. Kg1 Qf2+ 1/2-1/2

[Event "Online Friendship U12"]
[Site "Tornelo INT"]
[Date "2020.11.21"]
[Round "5.3"]
[White "Navumenka, Makar"]
[Black "Ruzhansky, Elias"]
[Result "1/2-1/2"]
[WhiteElo "1419"]
[BlackElo "1446"]
[PlyCount "95"]
[EventDate "2020.11.21"]
[EventType "team-swiss"]
[EventRounds "7"]
[EventCountry "BLR"]
[SourceTitle "CBM 199 Extra"]
[Source "ChessBase"]
[SourceDate "2021.01.31"]
[SourceVersion "1"]
[SourceVersionDate "2021.01.31"]
[SourceQuality "1"]
[WhiteTeam "Belarus Vitebsk"]
[BlackTeam "Belgium"]
[WhiteTeamCountry "BLR"]
[BlackTeamCountry "BEL"]

1. d4 f5 2. c4 Nf6 3. Nc3 g6 4. Nf3 Bg7 5. e3 0-0 6. Be2 d6 7. 0-0 c6 8. Rb1 Qe8 9. Qb3 Na6 10. Rd1 Nc7 11. c5+ Kh8 12. g3 Ne6 13. cxd6 exd6 14. Bc4 d5 15. Bf1 Ne4 16. Bd2 Qf7 17. Be1 g5 18. Ne5 Bxe5 19. dxe5 Qh5 20. f4 gxf4 21. exf4 Rg8 22. Nxe4 dxe4 23. Qe3 Rg6 24. Bc4 Qg4 25. Be2 Qh3 26. Bf1 Qh5 27. Rd6 Rh6 28. Qf2 c5 29. Rbd1 Nd4 30. Rxh6 Qxh6 31. Kh1 Be6 32. Bc3 Nf3 33. Be2 Nd4 34. Bxd4 cxd4 35. Rxd4 Rg8 36. Bc4 Bxc4 37. Rxc4 Rd8 38. Rd4 Rc8 39. Qd2 Qc6 40. Kg2 Qc2 41. Rd8+ Kg7 42. Rd7+ Kf8 43. Rd8+ Ke7 44. Rd7+ Kf8 45. Rd8+ Kg7 46. Rd7+ Kh6 47. Rd6+ Kg7 48. Rd7+ 1/2-1/2

[Event "Online Friendship U12"]
[Site "Tornelo INT"]
[Date "2020.11.21"]
[Round "4.3"]
[White "Popzafirov, Danail"]
[Black "Navumenka, Makar"]
[Result "1-0"]
[WhiteElo "1314"]
[BlackElo "1419"]
[PlyCount "97"]
[EventDate "2020.11.21"]
[EventType "team-swiss"]
[EventRounds "7"]
[EventCountry "BLR"]
[SourceTitle "CBM 199 Extra"]
[Source "ChessBase"]
[SourceDate "2021.01.31"]
[SourceVersion "1"]
[SourceVersionDate "2021.01.31"]
[SourceQuality "1"]
[WhiteTeam "Bulgaria"]
[BlackTeam "Belarus Vitebsk"]
[WhiteTeamCountry "BUL"]
[BlackTeamCountry "BLR"]

1. e4 e6 2. d4 d5 3. Bd3 dxe4 4. Bxe4 Nf6 5. Bf3 c5 6. Ne2 Be7 7. 0-0 0-0 8. Nbc3 Nc6 9. Be3 cxd4 10. Nxd4 Nxd4 11. Bxd4 a6 12. Re1 Qc7 13. Qe2 Bd7 14. Rad1 Bc6 15. Ne4 Nxe4 16. Bxe4 Bxe4 17. Qxe4 Qc6 18. Qg4 f6 19. Qxe6+ Qxe6 20. Rxe6 Kf7 21. Rde1 Rfe8 22. c3 Rad8 23. g3 Rd5 24. Kg2 Rb5 25. b4 Rd5 26. Bc5 Rd7 27. Bxe7 Rdxe7 28. Rxe7+ Rxe7 29. Rxe7+ Kxe7 30. Kf3 f5 31. Ke3 Kd6 32. Kd4 b6 33. c4 g5 34. a4 h6 35. h3 h5 36. f3 g4 37. fxg4 fxg4 38. hxg4 hxg4 39. Ke4 a5 40. bxa5 bxa5 41. Kd4 Kc6 42. c5 Kc7 43. Kd5 Kd7 44. c6+ Kc7 45. Kc5 Kc8 46. Kb6 Kb8 47. Kxa5 Kc7 48. Kb5 Kb8 49. Kb6 1-0

[Event "Wch U08 rapid"]
[Site "Minsk"]
[Date "2018.06.23"]
[Round "9"]
[White "Navumenka, Makar"]
[Black "Makarevich, Dzmitry"]
[Result "0-1"]
[WhiteElo "1187"]
[BlackElo "1432"]
[PlyCount "106"]
[EventDate "2018.06.22"]
[EventType "swiss (rapid)"]
[EventRounds "9"]
[EventCountry "BLR"]
[SourceTitle "EXT 2019"]
[Source "ChessBase"]
[SourceDate "2018.10.10"]
[SourceVersion "1"]
[SourceVersionDate "2018.10.10"]
[SourceQuality "1"]

1. e4 e5 2. Nf3 Nc6 3. d4 exd4 4. Nxd4 g6 5. c3 Bg7 6. Bb5 Nge7 7. Bxc6 bxc6 8. Be3 Ba6 9. Ne2 0-0 10. 0-0 d5 11. exd5 cxd5 12. Bd4 Qd7 13. h3 Qb5 14. Bxg7 Kxg7 15. Qd4+ Kg8 16. c4 Qxc4 17. Qxc4 Bxc4 18. Nbc3 Nf5 19. Rfe1 d4 20. Ne4 Bd3 21. Nc5 Bxe2 22. Rxe2 Rfe8 23. Rae1 Rxe2 24. Rxe2 Rd8 25. Nd3 Rd7 26. Kf1 Kf8 27. Ke1 Rd6 28. Kd2 Rb6 29. Kc2 Rc6+ 30. Kd2 Nd6 31. b3 f5 32. Ne5 Ra6 33. Kd3 Ne4 34. Kxd4 Rd6+ 35. Ke3 Re6 36. f3 Rxe5 37. fxe4 Rxe4+ 38. Kd3 Rxe2 39. Kxe2 Ke7 40. Ke3 Kd6 41. Kd4 c5+ 42. Kc4 Kc6 43. b4 cxb4 44. Kxb4 Kb6 45. a3 a5+ 46. Kc4 h5 47. h4 f4 48. a4 Kc6 49. Kd4 Kd6 50. Kc4 g5 51. hxg5 h4 52. Kd4 f3 53. g6 fxg2 0-1